Cities that hosted FIFA World Cup - in alphabetical order - Statistics

General Stats
  • This quiz has been taken 121 times
  • The average score is 69 of 151
Answer Stats
YEAR CITY % Correct
1938 - 1998 Paris
100%
1982 Madrid
98%
1982 Barcelona
97%
1966 London
97%
1974 - 2006 Berlin
95%
1938 - 1998 Marseille
94%
1934 - 1990 Milan
93%
1974 - 2006 Munich
93%
1934 - 1990 Rome
93%
1966 Manchester
92%
2010 Johannesburg
91%
1970 - 1986 Mexico City
91%
1966 Liverpool
90%
2002 Seoul
90%
1934 - 1990 Turin
90%
1978 Buenos Aires
88%
1938 - 1998 Lyon
88%
1982 Valencia
88%
2010 Cape Town
86%
1974 - 2006 Hamburg
86%
2014 Brasilia
85%
1934 - 1990 Naples
85%
1950 - 2014 São Paulo
85%
1966 Birmingham
83%
1950 - 2014 Rio de Janeiro
81%
1930 Montevideo
80%
1962 Santiago
80%
1974 - 2006 Frankfurt
79%
1958 Stockholm
78%
2014 Manaus
74%
1994 Chicago
73%
1934 - 1990 Florence
73%
2002 Osaka
73%
1974 - 2006 Stuttgart
73%
1954 Bern
72%
1982 Bilbao
72%
1938 - 1998 Bordeaux
72%
2006 Cologne
72%
1970 - 1986 Guadalajara
72%
2010 Pretoria
72%
1954 Zurich
71%
1950 - 2014 Belo Horizonte
70%
2010 Durban
70%
1994 Dallas
69%
1974 - 2006 Dortmund
69%
1974 Düsseldorf
69%
1982 Sevilla
69%
1958 Malmö
67%
1990 Palermo
66%
1982 Malaga
64%
2002 Yokohama
64%
1938 Lille
63%
1950 - 2014 Recife
63%
2002 Busan
60%
1978 Córdoba
59%
2002 Sapporo
59%
2014 Fortaleza
58%
2010 Port Elizabeth
58%
1934 - 1990 Bologna
57%
1954 Geneva
57%
1938 - 1998 Toulouse
57%
1994 Washington
57%
1990 Bari
56%
1986 Monterrey
56%
1950 - 2014 Porto Alegre
56%
2006 Leipzig
55%
1934 - 1990 Genoa
53%
1958 Gothenburg
53%
2014 Salvador
53%
1982 Zaragoza
51%
1978 Rosario
50%
1950 - 2014 Curitiba
49%
2010 Bloemfontein
48%
1998 Nantes
48%
1938 Strasbourg
47%
1966 Sheffield
44%
1990 Verona
44%
1954 Basel
43%
1974 - 2006 Hannover
43%
1970 - 1986 Puebla
42%
1990 Cagliari
41%
1974 - 2006 Gelsenkirchen
41%
2002 Kobe
40%
1994 Orlando
40%
2006 Nuremberg
38%
2002 Daegu
37%
1970 - 1986 León
37%
1994 Pasadena
37%
2002 Incheon
36%
1982 Alicante
35%
1954 Lausanne
34%
1998 Montpellier
34%
2014 Natal
33%
1998 Saint-Étienne
31%
1978 Mendoza
29%
1970 - 1986 Toluca
29%
1998 Saint-Denis
27%
1990 Udine
27%
1982 Vigo
27%
1982 La Coruña
26%
1982 Gijón
23%
2006 Kaiserslautern
23%
1938 Le Havre
23%
2014 Cuiaba
22%
1998 Lens
22%
1954 Lugano
21%
1938 Reims
21%
1966 Sunderland
21%
1934 Trieste
21%
1982 Valladolid
21%
2002 Ulsan
19%
1994 East Rutherford
17%
1962 Viña del Mar
17%
1966 Middlesbrough
16%
1958 Helsingborg
15%
2002 Daejeon
14%
1982 Oviedo
14%
2002 Saitama
14%
2002 Gwangju
13%
2002 Jeju
13%
1958 Örebro
13%
2002 Niigata
12%
1958 Norrköping
12%
1982 Elche
9%
2010 Nelspruit
9%
2002 Ōita
9%
1958 Västerås
9%
1958 Eskilstuna
8%
1994 Foxborough
8%
1978 Mar del Plata
8%
1986 Querétaro
8%
2010 Rustenburg
8%
2002 Miyagi
7%
2002 Shizuoka
7%
1938 Antibes
6%
1962 Arica
6%
1958 Halmstad
6%
2002 Ibaraki
6%
1986 Irapuato
6%
1994 Pontiac
6%
1994 Stanford
6%
2002 Suwon
6%
1986 Zapopan
6%
1958 Borås
5%
2010 Polokwane
5%
2002 Jeonju
3%
1986 Nezahualcoyotl
3%
1962 Rancagua
3%
1986 San Nicolás de los Garza
3%
1958 Sandviken
2%
1958 Uddevalla
2%
No matching quizzes found
Score Distribution
Percent of People with Each Score
Percentile by Number Answered
Your Score History
You have not taken this quiz